Cinquanta anni di teatro in Italia. (Record no. 44738)

MARC details
000 -LEADER
campo de control de longitud fija 00389nam a2200145 i 4500
001 - NÚMERO DE CONTROL
campo de control 44738
003 - IDENTIFICADOR DE NÚMERO DE CONTROL
campo de control ES-MaACL
005 - FECHA Y HORA DE LA ÚLTIMA TRANSACCIÓN
campo de control 20230906161103.0
007 - CAMPO FIJO DE DESCRIPCIÓN FÍSICA--INFORMACIÓN GENERAL
campo de control de longitud fija t|
008 - DATOS DE LONGITUD FIJA--INFORMACIÓN GENERAL
campo de control de longitud fija 030324s1954 it ||||1| ita d
245 00 - MENCIÓN DEL TÍTULO
Título Cinquanta anni di teatro in Italia.
260 ## - PUBLICACIÓN, DISTRIBUCIÓN, ETC.
Lugar de publicación, distribución, etc. [Roma :
Nombre del editor, distribuidor, etc. Carlo Bestetti,
Fecha de publicación, distribución, etc. 1954]
300 ## - DESCRIPCIÓN FÍSICA
Extensión 129 p., 19 h., 166 lám. ;
Dimensiones 28 cm.
852 ## - LOCALIZACIÓN
Ubicación ES-MaACL
Número de control de estantería C-16411
Sublocalización o colección R.44691
Holdings
Estatus retirado Estado de pérdida Estado de daño No para préstamo Biblioteca de origen Biblioteca actual Ubicación en estantería Fecha de adquisición Fuente de adquisición Total de préstamos Signatura topográfica completa Código de barras Visto por última vez Precio de reemplazo Tipo de ítem Koha
        Biblioteca del Ateneo de Madrid Biblioteca del Ateneo de Madrid Galería 17/01/2008     C-16411 1047085 23/02/2023 23/02/2023 Libro impreso